| 000 -LEADER |
| fixed length control field |
00848nam a2200229 4500 |
| 008 - FIXED-LENGTH DATA ELEMENTS--GENERAL INFORMATION |
| fixed length control field |
260416b xxu||||| |||| 00| 0 eng d |
| 082 ## - DEWEY DECIMAL CLASSIFICATION NUMBER |
| Classification number |
791.4372 |
| Item number |
R9894 |
| 245 ## - TITLE STATEMENT |
| Title |
Night patrol / |
| Statement of responsibility, etc |
Directed and written by Ryan Prows. |
| 260 ## - PUBLICATION, DISTRIBUTION, ETC. (IMPRINT) |
| Place of publication, distribution, etc |
United States : United Kingdom : |
| Name of publisher, distributor, etc |
Bondlt Media Capital : Phantom Four Films, |
| Date of publication, distribution, etc |
2026. |
| 300 ## - PHYSICAL DESCRIPTION |
| Extent |
1 video file ca(103 min) |
| Other physical details |
sound, color |
| 520 ## - SUMMARY, ETC. |
| Summary, etc |
An L.A. cop discovers a local task force is hiding a secret that puts the residents of his childhood neighborhood in danger. |
| 650 ## - SUBJECT ADDED ENTRY--TOPICAL TERM |
| Topical term or geographic name as entry element |
Horror. |
| 650 ## - SUBJECT ADDED ENTRY--TOPICAL TERM |
| Topical term or geographic name as entry element |
Mystery. |
| 650 ## - SUBJECT ADDED ENTRY--TOPICAL TERM |
| Topical term or geographic name as entry element |
Thriller. |
| 700 ## - ADDED ENTRY--PERSONAL NAME |
| Personal name |
Prows, Ryan, director and writer. |
| 700 ## - ADDED ENTRY--PERSONAL NAME |
| Personal name |
Ogbonna, Shaye, writer. |
| 700 ## - ADDED ENTRY--PERSONAL NAME |
| Personal name |
Cairo, Tim, writer. |
| 700 ## - ADDED ENTRY--PERSONAL NAME |
| Personal name |
Fowler, Jermaine, star. |
| 700 ## - ADDED ENTRY--PERSONAL NAME |
| Personal name |
Long, Justin, star. |
| 700 ## - ADDED ENTRY--PERSONAL NAME |
| Personal name |
Gibbs, Freddie, star. |
| 942 ## - ADDED ENTRY ELEMENTS (KOHA) |
| Source of classification or shelving scheme |
|
| Item type |
Audio-Visual Materials |